Geography Quiz

Random Geography or World Quiz

World's Smallest Economies Quiz Stats

 Plays Quiz Updated May 20, 2021

Support Sporcle.
Go Orange.
Score 0/25 Timer 08:00
1 Play Today
Rank Country % Correct
22Andorra
68.5%
16San Marino
63.8%
1Tuvalu
63.3%
2Nauru
62.7%
3Marshall Islands
62.3%
6Federated States of Micronesia
61.6%
11Samoa
60.8%
5Palau
60.5%
7Tonga
60.4%
13Saint Kitts and Nevis
59.9%
10Vanuatu
59%
20St. Lucia
58.5%
14Solomon Islands
57.6%
Rank Country % Correct
4Kiribati
57.4%
12Saint Vincent and the Grenadines
56.2%
9Dominica
53.1%
24Cabo Verde
53.1%
21Seychelles
52.8%
15Grenada
52.8%
18Comoros
52.5%
8São Tomé and Príncipe
52%
17Antigua and Barbuda
49.6%
19Belize
42.1%
23Guinea-Bissau
29.5%
25Central African Republic
21.2%

You're not logged in!

Compare scores with friends on all Sporcle quizzes.
OR
Log In
Forgot?

From the Vault

'Who's on First?' Match-Up

by triviahappy

So I throw the ball to Who?
Remove Ads.
Support Sporcle.
Get the best of Sporcle when you Go Orange. This ad-free experience offers more features, more stats, and more fun while also helping to support Sporcle. Thank you for becoming a member.

Show Comments

Extras

Top Quizzes Today


Score Distribution

Your Account Isn't Verified!

In order to create a playlist on Sporcle, you need to verify the email address you used during registration. Go to your Sporcle Settings to finish the process.

Report this User

Report this user for behavior that violates our Community Guidelines.

Details: